Introduction to rural planning : (Record no. 608026)

000 -LEADER
fixed length control field 01778cam a2200361 i 4500
001 - CONTROL NUMBER
control field 18480276
003 - CONTROL NUMBER IDENTIFIER
control field OSt
005 - DATE AND TIME OF LATEST TRANSACTION
control field 20240222150237.0
008 - FIXED-LENGTH DATA ELEMENTS--GENERAL INFORMATION
fixed length control field 150204s2015 nyu b 001 0 eng
010 ## - LIBRARY OF CONGRESS CONTROL NUMBER
LC control number 2014048380
020 ## - INTERNATIONAL STANDARD BOOK NUMBER
International Standard Book Number 9781138811447 (hardback)
020 ## - INTERNATIONAL STANDARD BOOK NUMBER
International Standard Book Number 9781138811454 (pbk.)
020 ## - INTERNATIONAL STANDARD BOOK NUMBER
Canceled/invalid ISBN 9781315749280 (ebook)
040 ## - CATALOGING SOURCE
Original cataloging agency DLC
Language of cataloging eng
Transcribing agency DLC
Description conventions rda
042 ## - AUTHENTICATION CODE
Authentication code pcc
043 ## - GEOGRAPHIC AREA CODE
Geographic area code e-uk---
050 00 - LIBRARY OF CONGRESS CALL NUMBER
Classification number HN400.C6
Item number G35 2015
082 00 - DEWEY DECIMAL CLASSIFICATION NUMBER
Classification number 307.14120941
Edition number 23
Author Mark GAL
100 1# - MAIN ENTRY--PERSONAL NAME
Personal name Gallent, Nick.
9 (RLIN) 23622
245 10 - TITLE STATEMENT
Title Introduction to rural planning :
Remainder of title economies, communities and landscapes /
Statement of responsibility, etc. Nick Gallent, Iqbal Hamiduddin, Meri Juntti, Sue Kidd and Dave Shaw.
250 ## - EDITION STATEMENT
Edition statement 2nd edition.
300 ## - PHYSICAL DESCRIPTION
Extent xxi, 366 pages ;
Dimensions 24 cm.
490 0# - SERIES STATEMENT
Series statement The natural and built environment series
504 ## - BIBLIOGRAPHY, ETC. NOTE
Bibliography, etc. note Includes bibliographical references and index.
505 0# - FORMATTED CONTENTS NOTE
Formatted contents note Introduction -- Approaches to rural planning -- The economic transition -- Agriculture and beyond -- Rural society and communities -- Accessibility, services and opportunity -- Rural services, public provision and local action -- The rural housing question -- Environment and landscape -- Environmental policy and planning -- Rural, urban or hybrid? -- The paths ahead.
650 #0 - SUBJECT ADDED ENTRY--TOPICAL TERM
Topical term or geographic name entry element Rural development
Geographic subdivision Great Britain.
9 (RLIN) 23620
651 #0 - SUBJECT ADDED ENTRY--GEOGRAPHIC NAME
Geographic name Great Britain
General subdivision Rural conditions.
9 (RLIN) 23621
775 08 - OTHER EDITION ENTRY
Relationship information Revision of:
Title Introduction to rural planning
Place, publisher, and date of publication London ;
Main entry heading New York : Routledge, 2008.
906 ## - LOCAL DATA ELEMENT F, LDF (RLIN)
a 7
b cbc
c orignew
d 1
e ecip
f 20
g y-gencatlg
942 ## - ADDED ENTRY ELEMENTS (KOHA)
Source of classification or shelving scheme
Koha item type Reference
Institution code [OBSOLETE] SADA
Call number prefix REF 307.14120941 GAL
Holdings
Withdrawn status Lost status Source of classification or shelving scheme Damaged status Not for loan Permanent Location Current Location Date acquired Source of acquisition Full call number Barcode Date last seen Cost, replacement price Price effective from Koha item type
          School of Art Design and Architecture (SADA) School of Art Design and Architecture (SADA) 03/13/2017 Donation REF 307.14120941 GAL 2015 SADAD0000147 02/22/2024 3797.42 02/22/2024 Book
© 2023 Central Library, National University of Sciences and Technology. All Rights Reserved.